Outsource or in-house facilities management: the pros and cons (Record no. 117300)

MARC details
000 -LEADER
fixed length control field 01468cam a2200241 4500
001 - CONTROL NUMBER
control field ABS67727
008 - FIXED-LENGTH DATA ELEMENTS--GENERAL INFORMATION
fixed length control field 040506n2004 000 0 eng u
035 ## - SYSTEM CONTROL NUMBER
System control number (Sirsi) u126109
100 ## - MAIN ENTRY--PERSONAL NAME
Personal name Usher, N.
245 ## - TITLE STATEMENT
Title Outsource or in-house facilities management: the pros and cons
260 ## - PUBLICATION, DISTRIBUTION, ETC.
Date of publication, distribution, etc. 2004
490 ## - SERIES STATEMENT
Series statement Journal of Facilities Management
Volume/sequential designation 2(4) March 2004, 351-359(9)
520 ## - SUMMARY, ETC.
Summary, etc. Discusses the virtues of outsourcing Facilities Management (FM). Introduces the concept of outsourcing and points out that it has existed within the FM industry longer than the entire concept of FM. There is a distinction made between outtasking and outsourcing. Forty one percent of all contracts in the FM sector were for the delivery of single tasks in 2002 suggesting that the FM industry is orientated towards low margin, low specification operational task level delivery. The outsourcing market remains productive in two major contexts: for organisations that perform a package of services; and for those who offer the 'management model', delivering solution and processes. Provides a model to explain the advantages and disadvantages of outsourcing services from the viewpoint of the client and the supplier.
590 ## - LOCAL NOTE (RLIN)
Local note ABS
590 ## - LOCAL NOTE (RLIN)
Local note ABS
650 ## - SUBJECT ADDED ENTRY--TOPICAL TERM
Topical term or geographic name entry element OUTSOURCING
650 ## - SUBJECT ADDED ENTRY--TOPICAL TERM
Topical term or geographic name entry element CONTRACTING
650 ## - SUBJECT ADDED ENTRY--TOPICAL TERM
Topical term or geographic name entry element Procurement-old
650 ## - SUBJECT ADDED ENTRY--TOPICAL TERM
Topical term or geographic name entry element PROPERTY LIFECYCLE
650 ## - SUBJECT ADDED ENTRY--TOPICAL TERM
Topical term or geographic name entry element TOTAL FACILITIES MANAGEMENT
690 ## - LOCAL SUBJECT ADDED ENTRY--TOPICAL TERM (OCLC, RLIN)
Topical term or geographic name as entry element FACILITIES MANAGEMENT
9 (RLIN) 6240
942 ## - ADDED ENTRY ELEMENTS (KOHA)
Suppress in OPAC 0
Holdings
Withdrawn status Lost status Source of classification or shelving scheme Damaged status Not for loan Home library Current library Shelving location Date acquired Total Checkouts Full call number Barcode Date last seen Copy number Price effective from Koha item type
    Dewey Decimal Classification     London London Journal article 12/05/2004   ABS67727 126109-1001 06/08/2019 1 06/08/2019 Journal article